000 00653nam a2200241Ia 4500
003 OSt
005 20220924115404.0
006 a|||||r|||| 00| 0
007 ta
008 220923b |||||||| |||| 00| 0 san d
024 _a38997
037 _cTextual
040 _aARTS
_cARTS
_bsan
041 _2san
_asan
082 _aO15,1A1, 4312L6
100 _aSahai S
_9178103
245 0 _aRamayana in Laos
_b A study in the Gvay Dvorahbi
260 _aDelhi
_bB R Pub India
_c1976
300 _axix, 148p.
_ccm.
650 _aSANSKRIT LITERATURE
942 _hO15,1A1, 4312L6
_cTEXL
_2CC
999 _c398156
_d398156